000 00950cab a22002055a 4500
001 L142520
008 080221e20080208xxk f 000 0 eng d
035 _a(Sirsi) u142520
041 0 _aeng
100 1 _aGordon, Warren
245 0 4 _aThe greater good
260 _c2008
490 _aProperty Week
_v73(6) 8 February 2008, 75(1)
520 _aExamines the case of Belfields and others V Secretary of State for Communities and Local Government and another. The case showed that the need to regenerate an area is sufficient to warrant interference with the rights of property owners. A Compulsory Purchase Order was upheld despite objections based on procedure, application of the correct test, and human rights.
590 _aKA
651 4 _aUnited Kingdom
_y
690 _aENVIRONMENTAL AND LAND CONSULTANCY-PLANNING AND DEVELOPMENT-COMPULSORY PURCHASE AND COMPENSATION
690 _aPROPERTY-PROPERTY MANAGEMENT-REGENERATION
942 _n0
999 _c79862
_d79862